000
00306nam a2200121Ia 4500
008
190216s9999||||xx |||||||||||||| ||und||
100
_a
Joshi K D
245
0
_a
Introduction To General Topology
260
_b
New Age International Publishers
_c
1983
300
_a
412p
650
_a
Mathematics
942
_c
BK
999
_c
31593
_d
31593